000 00594nam a2200241Ia 4500
003 OSt
005 20220924151202.0
006 a|||||r|||| 00| 0
007 ta
008 220923b |||||||| |||| 00| 0 tel d
020 _c15
024 _a336568
037 _cTextual
040 _aARTS
_cARTS
_btel
041 _2tel
_atel
082 _aO35,3NRA34,2, M5
100 _aK. Ravindrababu
_9223755
245 0 _aVykunthapali
260 _c1985
650 _aTELUGU FICTION
942 _hO35,3NRA34,2, M5
_cTEXL
_2CC
999 _c465803
_d465803